000 00718cam a2200241 a 4500
001 000007722
005 20200929154256.0
008 900420s1989 sp 000 0 spa
010 _a90870915
020 _a842063235X
040 _aDO-SdBNP
_cDLC
_dMH
082 _a863.64
_bA552c
100 1 _aAndújar, Manuel.
_d1913-1994
_921395
240 1 0 _aShort stories
245 1 0 _aCuentos completos /
_cManuel Andújar ; prólogo de Luis Mateo Diez.
260 _aMadrid :
_bAlianza,
_cc1989.
300 _a450 p. ;
_c20 cm.
490 1 _aAlianza tres
_v235
650 4 _aCuentos españoles
_93194
650 4 _aLiteratura española
_9632
830 0 _aAlianza tres
_v235
_921396
910 _aCatalogación por copia / LC
999 _c7500
_d7500